Freizeit und Jugendarbeit: eine empirische Untersuchung zu Freizeitorientierungen von Jugendlichen und Konsequenzen fuer die Jugendarbeit
| Main Author: | |
|---|---|
| Format: | Print Book |
| Language: | German |
| Published: |
Muenchen
Profil-Verl.
1985
|
| In: |
Regensburger Studien zur außerschulischen Bildung (2)
Year: 1985 |
| Online Access: |
Table of Contents |
| Availability in Tübingen: | Present in Tübingen. IFK: O VIII 160 |
| Check availability: | HBZ Gateway |
| Subito Delivery Service: | Order now. |
| Keywords: |
MARC
| LEADER | 00000cam a2200000 c 4500 | ||
|---|---|---|---|
| 001 | 273696971 | ||
| 003 | DE-627 | ||
| 005 | 20260206203654.0 | ||
| 007 | tu | ||
| 008 | 850101s1985 gw ||||| 00| ||ger c | ||
| 015 | |a 85,N09,0075 |2 dnb | ||
| 015 | |a 85,A23,0128 |2 dnb | ||
| 016 | 7 | |a 850225493 |2 DE-101 | |
| 020 | |a 3890191258 |9 3-89019-125-8 | ||
| 035 | |a (DE-627)273696971 | ||
| 035 | |a (DE-603)020153619 | ||
| 035 | |a (DE-576)009748555 | ||
| 035 | |a (DE-599)GBV273696971 | ||
| 035 | |a (OCoLC)239939522 | ||
| 035 | |a (OCoLC)15857181 | ||
| 035 | |a (OCoLC)310951898 | ||
| 035 | |a (OCoLC)15857181 | ||
| 035 | |a (DE-604)8002894416 | ||
| 040 | |a DE-627 |b ger |c DE-627 |e rakwb | ||
| 041 | |a ger | ||
| 044 | |c XA-DE | ||
| 050 | 0 | |a GV81 | |
| 084 | |a 14 |2 sdnb | ||
| 084 | |a MS 2350 |2 rvk |0 (DE-625)rvk/123636: | ||
| 084 | |a 80.59 |2 bkl | ||
| 100 | 1 | |8 1\p |a Eckstein, Josef |d 1946- |0 (DE-588)1102411779 |0 (DE-627)86033919X |0 (DE-576)470222034 |4 aut | |
| 109 | |a Eckstein, Josef 1946- | ||
| 245 | 1 | 0 | |a Freizeit und Jugendarbeit |b eine empirische Untersuchung zu Freizeitorientierungen von Jugendlichen und Konsequenzen fuer die Jugendarbeit |c Josef Eckstein |
| 264 | 1 | |a Muenchen |b Profil-Verl. |c 1985 | |
| 300 | |a 166 S. |b graph. Darst. | ||
| 336 | |a Text |b txt |2 rdacontent | ||
| 337 | |a ohne Hilfsmittel zu benutzen |b n |2 rdamedia | ||
| 338 | |a Band |b nc |2 rdacarrier | ||
| 490 | 1 | |a Regensburger Studien zur ausserschulischen Bildung |v 2 | |
| 505 | 8 | |a Literaturverz. S. 161 - 166 | |
| 650 | 0 | |a Youth |x Recreation |x Germany (West) | |
| 650 | 0 | |a Recreational surveys |x Germany (West) | |
| 650 | 4 | |a Freizeit | |
| 650 | 4 | |a Jugendarbeit | |
| 650 | 4 | |a Jugend | |
| 650 | 4 | |a Freizeit, Jugendliche, Angebot, Gestaltung, Umfrage, Jugendarbeit, Organisation, Vergleich | |
| 689 | 0 | 0 | |d s |0 (DE-588)4071453-6 |0 (DE-627)106097660 |0 (DE-576)209184019 |a Freizeitgestaltung |2 gnd |
| 689 | 0 | 1 | |d s |0 (DE-588)4028863-8 |0 (DE-627)106276654 |0 (DE-576)208979883 |a Jugendarbeit |2 gnd |
| 689 | 0 | |5 (DE-627) | |
| 689 | 1 | 0 | |d s |0 (DE-588)4028859-6 |0 (DE-627)104419199 |0 (DE-576)208979859 |a Jugend |2 gnd |
| 689 | 1 | 1 | |d s |0 (DE-588)4018382-8 |0 (DE-627)106326155 |0 (DE-576)208924124 |a Freizeit |2 gnd |
| 689 | 1 | |5 (DE-627) | |
| 689 | 2 | 0 | |d s |0 (DE-588)4028863-8 |0 (DE-627)106276654 |0 (DE-576)208979883 |a Jugendarbeit |2 gnd |
| 689 | 2 | 1 | |d s |0 (DE-588)4018382-8 |0 (DE-627)106326155 |0 (DE-576)208924124 |a Freizeit |2 gnd |
| 689 | 2 | |5 (DE-627) | |
| 830 | 0 | |a Regensburger Studien zur außerschulischen Bildung |v 2 |9 2 |w (DE-627)129173878 |w (DE-576)009373802 |w (DE-600)51360-X |x 0724-9039 |7 am | |
| 856 | 4 | 2 | |u http://scans.hebis.de/HEBCGI/show.pl?02015361_toc.pdf |m V:DE-603;B:DE-17 |q application/pdf |3 Inhaltsverzeichnis |7 1 |
| 883 | |8 1\p |a cgwrk |d 20241001 |q DE-101 |u https://d-nb.info/provenance/plan#cgwrk | ||
| 889 | |w (DE-627)027302199 | ||
| 935 | |i mdedup | ||
| 935 | |i Blocktest | ||
| 935 | |h HEB |i 0501 | ||
| 935 | |h HEB |i 0503 | ||
| 936 | r | v | |a MS 2350 |b Jugend, Kultur und Freizeit |k Soziologie |k Spezielle Soziologien |k Jugendsoziologie |k Jugend, Kultur und Freizeit |0 (DE-627)1270710834 |0 (DE-625)rvk/123636: |0 (DE-576)200710834 |
| 936 | b | k | |a 80.59 |j Erziehungsinhalte: Sonstiges |0 (DE-627)106414569 |
| 936 | s | n | |a m200 |2 mzub |
| 951 | |a BO | ||
| ELC | |b 1 | ||
| LOK | |0 000 xxxxxcx a22 zn 4500 | ||
| LOK | |0 001 3203320711 | ||
| LOK | |0 003 DE-627 | ||
| LOK | |0 004 273696971 | ||
| LOK | |0 005 20020607000000 | ||
| LOK | |0 008 930423||||||||||||||||ger||||||| | ||
| LOK | |0 040 |a DE-21-110 |c DE-627 |d DE-21-110 | ||
| LOK | |0 852 |a DE-21-110 | ||
| LOK | |0 852 1 |c O VIII 160 |m p |9 00 | ||
| LOK | |0 935 |a k110 | ||
| LOK | |0 936ln |a 7.3.2.5 | ||
| LOK | |0 938 |k p | ||
| LOK | |0 939 |a 23-04-93 |b l01 | ||
| ORI | |a SA-MARC-krimdoka001.raw | ||
| SIG | |a IFK: O VIII 160 | ||
